On This Day (April 23rd) Multiple Choice - Statistics

General Stats
  • This quiz has been taken 10 times
  • The average score is 4 of 15
Answer Stats
Question Answer % Correct
1516 – The Bayerische Reinheitsgebot (regarding the ingredients of beer) is signed in which city ?. Ingolstadt
56%
2005 – The first ever YouTube video was published by user "jawed", What is it's title ? Me at the Zoo
56%
1951 – American journalist William N. Oatis is arrested for espionage by the Communist government of which country ? Czechoslovakia
44%
1985 – Coca-Cola changes its formula and releases New Coke. The response is overwhelmingly negative, and the original formula is back on the market in less than how long ? Three Months
44%
1014 – Battle of Clontarf: High King of Ireland Brian Boru is killed in battle despite defeating which invaders ? Vikings
44%
711 – Dagobert III succeeds his father King Childebert III as King of which race ? Franks
33%
2019 – 54 miners are missing and feared dead after a mudslide at what type of mine in Myanmar ? Jade
33%
1939 – Lee Majors, American actor was born, he played the character of Colt Seavers in which TV series ? The Fall Guy
22%
1927 – Which team defeats Arsenal in the FA Cup Final, the only time it has been won by a team not based in England ? Cardiff City
11%
1850 – William Wordsworth, English poet and author died from an aggravated case of pleurisy. He was buried at St Oswald's Church, in which Cumbrian village ? Grasmere
11%
1660 – The Peace Treaty of Oliva is established between which two countries ? Sweden and Poland
11%
2018 – A vehicle-ramming attack kills 10 people and injures 16 in which Canadian city ? Toronto
11%
Today is celebrated as "Independance Day" by which micronation ? Conch Republic
0%
1942 – World War II: Baedeker Blitz: German bombers hit Exeter, Bath and York in retaliation for the British raid on which city ? Lubeck
0%
1914 – First baseball game at Wrigley Field, in Chicago. It was then known as what ? Weeghman Park
0%
No matching quizzes found
Score Distribution
Percent of People with Each Score
Percentile by Number Answered
Your Score History
You have not taken this quiz